000 02551nam a2200373 i 4500
001 000046448
003 DO-SdBNP
005 20260417132557.0
007 ta
008 090826s2004 dr a r 001 0 spa d
020 _a9993455679
040 _aDO-SdBNP
_bspa
_cBNPHU
_erda
041 _aspa
082 4 _a327.7293
_bM828d 2004
_222
100 1 _aMorales Lama, Manuel,
_eautor
_4aut.
_92998
245 1 0 _aDiplomacia contemporánea :
_bteoría y práctica para el ejercicio profesional /
_cManuel Morales Lama ; prólogo, Benjamín Ruiz Sobero
250 _aSexta edición ampliada y actualizada
264 1 _aSanto Domingo, República Dominicana :
_bFundación Antonio M. Lama,
_c2004.
300 _a530 páginas :
_bilustraciones ;
_c24 cm.
336 _atexto
_btxt
_2rdaconten
337 _asin mediación
_2rdamedia
338 _avolumen
_bnc
_2rdacarrier
500 _aIncluye índice analítico
500 _aIncluye referencias bibliográficas y notas al pie de las páginas
505 0 _aConceptos básicos -- Orígenes y evolución de la diplomacia -- Ejecutores centrales de la política exterior de los Estados -- El servicio exterior -- La misión diplomática permanente -- La función diplomática -- La concertación de tratados -- Estilística diplomática -- Ceremonial y protocolo -- Status del diplomático dominicano -- Glosario de locuciones y término latinos y franceses -- Normas protocolares y de etiqueta social -- Relación de las condecoraciones en los diversos países del mundo -- Aspecto prácticos de la correspondencia diplomática -- Planos sobre el uso de la bandera -- Planos de aplicación de la precedencia -- Relación de las disposiciones legales básicas para el ejercicio consular dominicano -- Convención de Viena sobre relaciones diplomáticas -- Convención de Viena sobre relaciones consulares -- Carta de derechos y deberes económicos de los Estados -- Ley Orgánica de la Secretaría de Estado de Relaciones Exteriores -- Ley no. 113 que modifica el artículo 3 de la Ley Orgánica de la Secretaría de Estado de Relaciones Exteriores -- Ley sobre funciones públicas de los cónsules dominicanos
590 _aInventariado, 2019/MFF
650 4 _aDiplomacia
_9398
650 4 _aDocumentos consulares
_96528
651 4 _aRepública Dominicana
_xServicio diplomático y consular
_93000
651 4 _aRepública Dominicana
_xRelaciones exteriores
_92258
700 1 _aRuiz Sobero, Benjamín,
_eprologuista
_4pr.
_917212
910 _aValidado. Control de calidad MFF
942 _2ddc
_cLBS1
999 _c45937
_d45937